| 000 | 00824nmm a2200253 a 4500 | ||
|---|---|---|---|
| 001 | ocm0001162423 | ||
| 003 | TR-IsHL | ||
| 005 | 20201028154215.0 | ||
| 008 | 150709s2009 tu tur | ||
| 007 | cr cn | ||
| 035 |
_a1162423 _b(N$T) |
||
| 050 | 0 | 4 |
_aGR281.E8 _bK39 2009 |
| 090 | 0 | 4 |
_aGR281.E8 _bK39 2009 |
| 100 | 1 | _aKaya, Fatih | |
| 245 | 1 | 0 |
_aDadaşın lügati _h[electronic resource] / _cFatih Kaya |
| 260 |
_aİstanbul : _bYalın Yayıncılık, _c2009 |
||
| 300 | _a98 p. | ||
| 650 | 4 | _aDil ve Edebiyat | |
| 650 | 4 | _aLanguage and Literature | |
| 650 | 0 |
_aHalk bilimi _x Türkiye _x Erzurum |
|
| 650 | 0 |
_aFolklore _x Turkey _x Erzurum |
|
| 650 | 7 |
_aSOCIAL SCIENCE / Folklore & Mythology _2bisacsh |
|
| 856 | 4 | 0 | _uhttp://search.ebscohost.com/login.aspx?direct=true&scope=site&db=e011xww&AN=1162423 |
| 999 |
_c12455 _d12455 |
||